Northernmost Cities Map Quiz - Statistics

General Stats
  • This quiz has been taken 182 times
    127 since last reset
  • The average score is 32 of 38
Answers on the Map
Answers color-coded by a green-red scale on the quiz's map according to % correct below.
 
Answer Stats
Latitude Population ('000) City % Correct
51.51 9046 London
99%
52.52 3552 Berlin
97%
55.68 1321 Copenhagen
97%
53.33 1201 Dublin
97%
50.45 2957 Kyiv
97%
55.75 12410 Moscow
97%
59.91 1012 Oslo
97%
59.33 1583 Stockholm
97%
52.37 1132 Amsterdam
96%
60.17 1279 Helsinki
96%
53.90 2005 Minsk
96%
59.93 5383 Saint Petersburg
96%
52.23 1768 Warsaw
96%
53.55 1793 Hamburg
95%
53.48 2690 Manchester
95%
50.09 1292 Prague
95%
50.85 2050 Brussels
94%
55.87 1661 Glasgow
93%
51.92 1008 Rotterdam
91%
53.54 1397 Edmonton
89%
52.48 2570 Birmingham
88%
51.22 1032 Antwerp
84%
51.18 1068 Astana
84%
53.80 1864 Leeds
84%
51.04 1477 Calgary
82%
50.93 1096 Cologne
79%
56.86 1482 Yekaterinburg
73%
56.33 1264 Nizhny Novgorod
72%
55.00 1184 Omsk
71%
55.04 1636 Novosibirsk
69%
50.63 1054 Lille
67%
55.15 1216 Chelyabinsk
66%
55.79 1254 Kazan
66%
54.79 1129 Ufa
63%
53.20 1171 Samara
60%
58.02 1062 Perm
58%
56.01 1111 Krasnoyarsk
49%
51.67 1056 Voronezh
48%
No matching quizzes found
Score Distribution
Percent of People with Each Score
Percentile by Number Answered
Your Score History
You have not taken this quiz since the last reset